Werder Bremen players (2010-2020) - Statistics

General Stats
  • This quiz has been taken 21 times
  • The average score is 56 of 121
Answer Stats
Rank Player Positions Nationality Matches Goals (assists) Period % Correct
1 Theodor Gebre Selassie RB 237 20 (13) 2012-2020
88%
12 Jiri Pavlenka GK 101 0 (0) 2017-2020
82%
5 Claudio Pizarro ST 142 47 (22) 2010-2012, 2015-2017, 2018-2020
76%
4 Clemens Fritz RB 179 2 (19) 2010-2017
76%
20 Eljero Elia LW 66 4 (8) 2012-2015
76%
17 Marko Arnautovic ST 72 14 (11) 2010-2014
76%
22 Milot Rashica RW 63 18 (12) 2017-2020
76%
15 Assani Lukimya CB 79 3 (2) 2012-2016
71%
47 Josh Sargent ST 38 6 (4) 2018-2020
71%
16 Ludwig Augustinsson LB 75 2 (7) 2017-2020
71%
14 Max Kruse CF 84 32 (25) 2016-2019
71%
11 Milos Veljkovic CB 106 2 (1) 2015-2020
71%
56 Niclas Füllkrug ST 31 6 (1) 2011-2013, 2019-2020
71%
9 Niklas Moisander CB 107 2 (2) 2016-2020
71%
3 Philipp Bargfrede DM 182 6 (7) 2010-2020
71%
13 Santiago García CB 94 4 (10) 2013-2017
71%
24 Sebastian Mielitz GK 60 0 (0) 2010-2014
71%
8 Sebastian Prödl CB 118 9 (6) 2010-2015
71%
38 Thomas Delaney CM 45 7 (6) 2016-2018
71%
72 Ulisses Garcia LB 19 0 (1) 2015-2018
71%
32 Yuya Osako ST 49 11 (5) 2018-2020
71%
2 Zlatko Junuzovic CM 188 21 (52) 2011-2018
71%
10 Aaron Hunt AM 106 24 (20) 2010-2014
65%
19 Davy Klaassen CM 66 12 (11) 2018-2020
65%
25 Felix Wiedwald GK 59 0 (0) 2015-2017
65%
7 Fin Bartels RW 120 22 (18) 2014-2020
65%
31 Franco Di Santo ST 49 17 (6) 2013-2015
65%
81 Hugo Almeida ST 13 9 (1) 2010-2011
65%
40 Johannes Eggestein ST 44 5 (2) 2017-2020
65%
41 Marco Friedl CB 43 1 (3) 2017-2020
65%
53 Markus Rosenberg ST 33 10 (5) 2011-2012
65%
6 Maximilian Eggestein CM 123 9 (12) 2014-2020
65%
66 Petri Pasanen CB 24 0 (0) 2010-2011
65%
27 Tim Wiese GK 57 0 (1) 2010-2012
65%
52 Kevin De Bruyne AM 33 10 (9) 2012-2013
59%
37 Luca Caldirola CB 46 1 (1) 2013-2015, 2016-2018
59%
28 Marko Marin AM 55 4 (16) 2010-2012
59%
45 Mehmet Ekici AM 41 4 (4) 2011-2014
59%
61 Serge Gnabry LW 27 11 (2) 2016-2017
59%
55 Torsten Frings DM 32 6 (1) 2010-2011
59%
74 Andreas Wolf CB 15 0 (1) 2011-2012
53%
54 Anthony Ujah ST 32 11 (5) 2015-2016
53%
62 Ishak Belfodil ST 26 4 (1) 2017-2018
53%
46 Izet Hajrovic RW 38 2 (0) 2014-2015, 2016-2018
53%
35 Jannik Vestergaard CB 48 3 (0) 2014-2016
53%
98 Koen Casteels GK 6 0 (0) 2014-2015
53%
18 Nils Petersen ST 69 18 (9) 2012-2015
53%
92 Ömer Toprak CB 10 0 (0) 2019-2020
53%
51 Per Mertesacker CB 34 2 (0) 2010-2012
53%
36 Raphael Wolf GK 48 0 (0) 2013-2015
53%
43 Alejandro Gálvez CB 41 2 (1) 2014-2016
47%
33 Cédric Makiadi CM 48 1 (2) 2013-2015
47%
87 Daniel Jensen CM 11 0 (0) 2010-2011
47%
84 Dominik Schmidt CB 12 0 (0) 2010-2011
47%
91 Jaroslav Drobný GK 10 0 (0) 2016-2017
47%
48 Lamine Sané CB 38 2 (1) 2016-2018
47%
88 Lennart Thy ST 11 1 (0) 2010-2012, 2016-2017
47%
85 Ludovic Obraniak AM 12 1 (1) 2013-2015
47%
70 Martin Harnik RW 20 4 (4) 2018-2020
47%
73 Naldo CB 18 3 (0) 2011-2012
47%
119 Niklas Schmidt CM 1 0 (1) 2016-2017
47%
49 Nuri Şahin DM 36 1 (4) 2018-2020
47%
79 Papy Djilobodji CB 14 2 (1) 2015-2016
47%
103 Sebastian Boenisch LB 5 0 (0) 2010-2012
47%
39 Davie Selke ST 44 9 (4) 2013-2015, 2019-2020
41%
21 Felix Kroos CM 65 1 (2) 2010-2016
41%
76 Florian Trinks AM 14 0 (1) 2010-2012
41%
59 Leonardo Bittencourt CM 28 4 (2) 2019-2020
41%
82 Levent Ayçiçek AM 13 2 (0) 2013-2015
41%
30 Lukas Schmitz LB 52 0 (5) 2011-2014
41%
60 Mikaël Silvestre LB 27 1 (2) 2010-2012
41%
100 Ousman Manneh ST 6 1 (1) 2016-2017
41%
42 Robert Bauer CB 43 1 (3) 2016-2018
41%
26 Sokratis Papastathopoulos CB 59 2 (0) 2011-2013
41%
114 Stefanos Kapino GK 2 0 (0) 2018-2020
41%
109 Thanos Petsos DM 3 0 (0) 2016-2017
41%
69 Tom Trybull DM 21 1 (2) 2011-2014
41%
63 Wesley CM 26 2 (3) 2010-2012
41%
58 Aron Jóhannsson ST 28 4 (4) 2015-2019
35%
75 Christian Groß DM 14 0 (0) 2019-2020
35%
34 Florian Grillitsch DM 48 3 (3) 2015-2017
35%
68 Joseph Akpala ST 21 1 (1) 2012-2013
35%
77 Kevin Vogt CB 14 0 (0) 2019-2020
35%
99 László Kleinheisler AM 6 0 (0) 2015-2016
35%
94 Marnon Busch RB 9 1 (0) 2014-2015
35%
95 Michael Lang RB 9 0 (0) 2019-2020
35%
71 Özkan Yıldırım AM 20 0 (1) 2012-2016
35%
57 Sandro Wagner ST 30 5 (0) 2010-2012
35%
83 Tim Borowski CM 13 0 (0) 2010-2012
35%
97 Denni Avdic ST 7 0 (0) 2010-2011
29%
90 Florian Hartherz LB 10 0 (0) 2011-2012
29%
29 Florian Kainz AM 52 5 (7) 2016-2019
29%
80 François Affolter CB 13 0 (0) 2011-2012
29%
64 Janek Sternberg LB 25 0 (1) 2014-2017
29%
65 Kevin Möhwald CM 24 3 (1) 2018-2020
29%
78 Melvyn Lorenzen ST 14 1 (0) 2013-2016
29%
113 Richard Strebinger GK 2 0 (0) 2014-2015
29%
93 Sambou Yatabaré CM 10 1 (2) 2015-2017
29%
50 Sebastian Langkamp CB 35 0 (0) 2017-2020
29%
23 Aleksandar Ignjovski DM 60 1 (3) 2011-2014
24%
110 Fallou Diagne CB 2 0 (0) 2016-2017
24%
106 Leon Balogun CB 3 0 (0) 2010-2011
24%
44 Levin Öztunali LW 41 2 (7) 2014-2016
24%
104 Mateo Pavlovic CB 4 0 (1) 2012-2013
24%
120 Ole Käuper DM 1 0 (0) 2017-2018
24%
107 Oliver Hüsing CB 3 0 (0) 2014-2016
24%
105 Said Husejinovic LW 4 0 (1) 2010-2011
24%
101 Aleksandar Stevanovic CM 5 0 (0) 2011-2013
18%
67 Jérôme Gondorf DM 21 1 (1) 2017-2018
18%
111 Johannes Wurtz AM 2 0 (1) 2012-2013
18%
115 Leon Guwara LB 1 0 (0) 2015-2016
18%
117 Luca Plogmann GK 1 0 (0) 2018-2019
18%
112 Luca Zander RB 2 0 (0) 2015-2016
18%
86 Lukas Fröde DM 12 0 (0) 2014-2017
18%
118 Marcel Hilßner AM 1 0 (0) 2015-2016
18%
96 Martin Kobylanski AM 8 0 (0) 2013-2014
18%
102 Nick Woltemade CF 5 0 (0) 2019-2020
18%
121 Onur Ayık RW 1 0 (0) 2010-2011
18%
108 Predrag Stevanovic AM 3 0 (0) 2010-2011
18%
116 Luc Ihorst ST 1 0 (0) 2019-2020
12%
89 Benjamin Goller RW 10 0 (0) 2019-2020
6%
No matching quizzes found
Score Distribution
Percent of People with Each Score
Percentile by Number Answered
Your Score History
You have not taken this quiz